000 01467cam a2200313 i 4500
003 OSt
005 20210219130249.0
007 ta
008 191127t20122012ck ao gr 000 0 spa d
020 _a9789588293905
040 _aCO-BoPUJ
_cCO-JMCR
041 0 _aspa
_heng
043 _as-ck---
082 0 4 _a918.61 /
_bL791p
_223
100 1 _aLlano Restrepo, Adriana
_eautora
_913511
245 1 0 _aColombia, un país de oportunidades = :
_bColombia, a country of opportunity /
_ctextos Adriana Llano Restrepo ; traducción al inglés,
246 3 1 _aColombia, a country of opportunity
250 _aPrimera edición.
264 1 _aBogotá :
_bVillegas Editores,
_c2012.
300 _a189 páginas :
_bilustraciones, fotos a color ;
_c31 cm.
504 _aIncluye referencias bibliográficas.
505 0 _aBiodiversidad -- Sostenibilidad ambiental --- Cultura -- Ciencia, Tecnología e innovación -- Educación -- Deporte y recreación -- Turismo -- Bienestar y equidad social -- Desarrollo agropecuario -- Infraestructura : vías terrestres, marítimas, fluviales y aéreas -- Urbanismo, vivienda y arquitectura -- Comercio exterior -- Desarrollo empresarial -- Minas y energía
546 _aTexto en español e ingles,
651 4 _aColombia
_vObras ilustradas
_913696
651 4 _aColombia
_xFotografías
_913697
651 4 _aColombia
_xDescripciones y viajes
_911807
700 _aDromgold, Margaret (Pegi),
_etraductora
_913698
942 _2ddc
_cBK
999 _c7254
_d7254